| 000 | 00000nam##2200000za#4500 |
| 001 | 9.574625 |
| 003 | CaOODSP |
| 005 | 20210624184257 |
| 007 | cr ||||||||||| |
| 008 | 150406|2006||||xxc|||||o f|0| 0 eng|d |
| 040 | |aCaOODSP|beng |
| 043 | |an-cn--- |
| 086 | 1 |aTU3-7/06-0039E-PDF |
| 110 | 2 |aTransportation Safety Board of Canada. |
| 245 | 10|aSinking and loss of life - small fishing vessel B.C. Safari near Qualicum Beach, British Columbia 08 March 2006 |h[electronic resource] |
| 260 | |aOttawa - Ontario : |bTransportation Safety Board of Canada |c[2008]. |
| 300 | |a13p.|bfig., photographs |
| 490 | 1 |aMarine investigation report |vM06W0039 |
| 590 | |a12-32-Supp|b2012-07-11 |
| 775 | 08|tNaufrage avec perte de vie du petit bateau de pêche B.C. Safari près de Qualicum Beach (Colombie-Britannique) le 8 mars 2006 |w(CaOODSP)9.604360 |
| 830 | #0|aMarine investigation report ;|vM06W0039|w(CaOODSP)9.504867 |
| 856 | 40|ahttp://publications.gc.ca|qPDF|s1293 KB|uhttps://publications.gc.ca/collections/collection_2012/bst-tsb/TU3-7-06-0039-eng.pdf|yM06W0039 |